| 000 | 00730nam a22001817a 4500 | ||
|---|---|---|---|
| 999 |
_c14962 _d14962 |
||
| 003 | OSt | ||
| 082 | _2631.3 GRI/ST | ||
| 088 | _aP 209 | ||
| 100 |
_aGRITTY P.T _aHABEEB RAHMAN P _aNEETHU JOSE _aSREEKANTH M _93827 |
||
| 245 | _aStudies on zero till seed drill and raised bed planter for summer crops in Kerala | ||
| 260 |
_aTavanur 2009 _bDepartment of Farm Power Machinery and Energy |
||
| 300 | _a60 | ||
| 500 | _aStudies on zero till seed drill and raised bed planter for summer crops in Kerala | ||
| 520 | _aStudies on zero till seed drill and raised bed planter for summer crops in Kerala | ||
| 700 |
_aEr. Sindhu Bhaskar _93429 |
||
| 856 | _uhttps://drive.google.com/open?id=1Op1LUdg1-lIllTaJGFi_LqD3YT4Ik25w | ||
| 942 | _cPR | ||